000 00458nam a2200193Ia 4500
008 210210b2011 xxu||||| |||| 00| 0 eng d
020 _a9789380658322
041 _aeng
082 _a158.1 BHOW
100 _aBHOGLE (Anita)
245 _aWinning way
260 _aChennai
_bWestland books pvt ltd.,
_c2011
300 _axv,196
650 _aWinning
650 _away
690 _aApplied Psychology
700 _aBHOGLE (Harsha)
906 _a070813
999 _c120182
_d120182